KOHA-Header-6

Financial Reporting and Statement Analysis (Record no. 8551)

000 -LEADER
fixed length control field 00284nam a2200109Ia 4500
100 ## - MAIN ENTRY--AUTHOR NAME
Personal name Paul R.Brown
245 #0 - TITLE STATEMENT
Title Financial Reporting and Statement Analysis
260 ## - PUBLICATION, DISTRIBUTION, ETC. (IMPRINT)
Place of publication London
Name of publisher World Scientific
Year of publication 2002
300 ## - PHYSICAL DESCRIPTION
Number of Pages 936
942 ## - ADDED ENTRY ELEMENTS (KOHA)
Koha item type Books
Holdings
Withdrawn status Lost status Collection code Permanent Location Current Location Shelving location Date acquired Full call number Accession Number Koha item type
    Finance MAJU MAJU Shelf No.A44 2019-09-14 658.83 3329 Finance

Powered by Koha